000 00404nam a22001697a 4500
003 MPLRDC
005 20220104144510.0
008 210129b ||||| |||| 00| 0 eng d
082 _a859.6 KK
100 _a林世敏著, 刘邦光绘
245 _a释迦牟尼佛
_c
250 _a初版
260 _a
_b马佛青总会佛教文摘社
_c2001
300 _b
650 _a
942 _cBK
_o859.6 KK
999 _c50195
_d50185